| 000 | 00776cam a2200205 4500 | ||
|---|---|---|---|
| 001 | WB3601-20 | ||
| 008 | 000000n2000 000 0 eng u | ||
| 035 | _a(Sirsi) u103425 | ||
| 245 | _aWelsh house prices | ||
| 260 | _c2000 | ||
| 490 |
_aWestern Mail _v6 January 2000, 14(2) |
||
| 520 | _aAverage house prices in Wales rose by 6.9% to £62,714 in 1999, according to the Principality Building Society. There were sharp regional differences, with an increase of 9.3% in south east Wales, compared to 3.3% in West Wales. Map giving regional figures. | ||
| 590 | _aWB | ||
| 650 | _aHOUSE PRICES | ||
| 650 | _aWALES | ||
| 650 | _aCARDIFF | ||
| 650 | _aPRINCIPALITY BUILDING SOCIETY | ||
| 690 | _aPROPERTY-RESIDENTIAL PROPERTY-RESIDENTIAL PROPERTY MARKET | ||
| 942 | _n0 | ||
| 999 |
_c62141 _d62141 |
||